[Event "ESP-ch Rapid 2018"]
[Site "Linares"]
[Date "2018.08.19"]
[Round "1"]
[White "Santos Latasa, Jaime"]
[Black "Rodriguez Martin, Emilio"]
[Result "1-0"]
[WhiteElo "2582"]
[BlackElo "2159"]
[Annotator "TA"]
[EventDate "2018.08.19"]
[PlyCount "77"]
[EventType "team-tourn"]
[EventCountry "ESP"]

1. d4 d5 2. c4 c6 3. Nf3 Nf6 4. Qc2 g6 5. Bf4 Bg7 6. e3 Na6 7. Nc3 O-O 8.
a3 Bf5 9. Qb3 Qb6 10. Qxb6 axb6 11. cxd5 Nxd5 $146 12. Nxd5 cxd5 13. Kd2
Nb4 14. Rc1 Nc6 15. Bb5 Rac8 16. Rc3 Na7 17. Rxc8 Rxc8 18. Ba4 h6 19. Rc1
Rxc1 20. Kxc1 Bd3 21. Kd2 Bf1 22. g3 b5 23. Bb3 Bc4 24. Bc2 Nc6 25. Ne5 g5
26. Nxc6 $1 $16 bxc6 27. Bc7 Bf1 28. Bb6 $18 e5 29. a4 exd4 30. exd4 bxa4
$2 31. Bxa4 Bb5 $2 32. Bxb5 cxb5 33. Kc3 $1 Kf8 34. Kb4 Ke7 35. Kxb5 Ke6
36. Kc6 f5 37. b4 g4 38. b5 Bf6 39. Bc5 1-0

[Event "ESP-ch Rapid 2018"]
[Site "Linares"]
[Date "2018.08.19"]
[Round "1"]
[White "Moreno Trujillo, Alejandro"]
[Black "Razola, Garcia Joaquin"]
[Result "1-0"]
[WhiteElo "2497"]
[BlackElo "2087"]
[Annotator "TA"]
[EventDate "2018.08.19"]
[PlyCount "81"]
[EventType "team-tourn"]
[EventCountry "ESP"]

1. d4 Nf6 2. c4 e6 3. Nc3 Bb4 4. e3 b6 5. Ne2 Bb7 6. a3 Bxc3+ 7. Nxc3 Ne4
8. Nxe4 Bxe4 9. Qg4 Bg6 10. g3 $146 d5 11. Bg2 c6 12. Qe2 O-O 13. O-O Nd7
14. b3 Rc8 15. Bb2 Re8 16. Rfd1 Qe7 17. Rac1 h5 18. b4 h4 19. e4 hxg3 20.
hxg3 dxe4 21. Bxe4 f5 22. Bf3 e5 23. dxe5 $1 $18 Nxe5 24. Bxe5 Qxe5 25.
Qxe5 Rxe5 26. Rd7 $1 a5 27. Rb7 axb4 28. axb4 Be8 29. Rxb6 g5 30. c5 g4 31.
Bg2 Kf7 32. Rd1 Kf6 $2 33. f4 $2 gxf3 $16 34. Bxf3 Kg5 35. Rd6 Re3 $2 36.
Kf2 $1 $18 Rb3 37. Rb7 $1 Rb2+ 38. Be2 f4 39. Rg7+ Kf5 40. g4+ Ke5 41. Re7#
1-0

[Event "ESP-ch Rapid 2018"]
[Site "Linares"]
[Date "2018.08.19"]
[Round "1"]
[White "Espinosa Aranda, Angel"]
[Black "Diaz Rodriguez, Jose Antonio"]
[Result "1-0"]
[WhiteElo "2451"]
[BlackElo "1991"]
[Annotator "TA"]
[EventDate "2018.08.19"]
[PlyCount "41"]
[EventType "team-tourn"]
[EventCountry "ESP"]

1. d4 Nf6 2. Bg5 c5 3. d5 Ne4 4. Bf4 d6 5. Nd2 Nf6 6. e4 g6 7. h3 Bg7 8. c3
O-O 9. Ngf3 e5 $146 10. Be3 a6 11. a4 Nh5 12. Bc4 Nf4 13. O-O f5 14. Bxf4
exf4 15. Re1 Nd7 16. exf5 Rxf5 17. Bd3 $36 Rh5 18. Qe2 Nf6 19. Ne4 Bf5 20.
Neg5 $1 $16 Bxd3 $4 21. Qe6+ 1-0

[Event "ESP-ch Rapid 2018"]
[Site "Linares"]
[Date "2018.08.19"]
[Round "1"]
[White "Huerga Leache, Mikel"]
[Black "Lloret Mauri, Jaime"]
[Result "1-0"]
[WhiteElo "2451"]
[BlackElo "2035"]
[Annotator "TA"]
[EventDate "2018.08.19"]
[PlyCount "73"]
[EventType "team-tourn"]
[EventCountry "ESP"]

1. Nf3 e6 2. c4 Nf6 3. g3 d5 4. b3 g6 5. Bb2 Bg7 6. Bg2 O-O 7. O-O c6 8.
Qc2 Nbd7 9. d3 Qc7 10. Nbd2 b6 11. cxd5 exd5 $146 12. e4 dxe4 13. dxe4 Bb7
14. Rad1 Rfe8 15. Rfe1 $1 Rad8 16. Nc4 Re6 $2 17. Bh3 Re7 18. Nd6 Ba6 19.
e5 $1 $18 Ne8 $2 20. Nxe8 $2 Rdxe8 $16 21. e6 $1 fxe6 22. Bxg7 Kxg7 23. Ng5
e5 24. Bxd7 Rxd7 25. Rxd7+ Qxd7 26. Rd1 Qc7 27. Qd2 Re7 28. Ne4 Bc8 29. Qg5
h6 $2 30. Qf6+ $18 Kh7 31. Rd6 $2 Bf5 $16 32. Rxc6 Qd7 33. Rd6 $1 $40 Qb7
$2 34. Rd8 Rg7 35. Qf8 g5 36. Qxf5+ Rg6 37. Rd7+ 1-0

[Event "ESP-ch Rapid 2018"]
[Site "Linares"]
[Date "2018.08.19"]
[Round "1"]
[White "Cruz Lledo, Pablo"]
[Black "Rodrigo Yanguas, Maria"]
[Result "1-0"]
[WhiteElo "2432"]
[BlackElo "2062"]
[Annotator "TA"]
[EventDate "2018.08.19"]
[PlyCount "77"]
[EventType "team-tourn"]
[EventCountry "ESP"]

1. d4 Nf6 2. c4 g6 3. Nc3 Bg7 4. e4 d6 5. Nge2 O-O 6. f3 c5 7. d5 e6 8. Ng3
Nh5 $146 9. Nxh5 $16 gxh5 10. Be3 f5 11. exf5 exf5 12. Qd2 $1 Nd7 13. f4
Nf6 $11 14. O-O-O a6 $17 15. Qc2 Bd7 16. Bd3 Ng4 17. Bg1 b5 18. h3 Nh6 19.
Bf2 $11 b4 20. Ne2 Qa5 21. Kb1 $16 Ba4 22. b3 $36 Bd7 23. Ng3 Qd8 $2 24.
Nxh5 $18 Be8 $2 25. Nxg7 Kxg7 26. g4 $1 Bg6 27. g5 Ng8 28. Be3 a5 29. Bc1
Rf7 30. Bb2+ Kf8 31. Rdg1 a4 32. h4 axb3 33. axb3 Bh5 34. Be2 Bxe2 35. Qxe2
Qa5 $2 36. g6 hxg6 37. Rxg6 Re7 38. Rxg8+ $1 Kxg8 39. Qxe7 1-0

[Event "ESP-ch Rapid 2018"]
[Site "Linares"]
[Date "2018.08.19"]
[Round "1"]
[White "Martinez Reyes, Pedro Ramon"]
[Black "Ordonez Torres, Jesus"]
[Result "1/2-1/2"]
[WhiteElo "2412"]
[BlackElo "1989"]
[Annotator "TA"]
[EventDate "2018.08.19"]
[PlyCount "248"]
[EventType "team-tourn"]
[EventCountry "ESP"]

1. e4 e5 2. Nf3 Nc6 3. d4 exd4 4. Nxd4 Nf6 5. Nxc6 bxc6 6. Bd3 d5 7. exd5
cxd5 8. O-O c6 9. Nc3 Be7 10. Bf4 O-O 11. Re1 Bg4 12. Qd2 Nh5 13. Be3 $146
Nf6 14. h3 Bh5 15. Na4 Ne4 16. Bxe4 dxe4 17. Qxd8 Rfxd8 18. Bc5 $36 Bxc5 $1
19. Nxc5 f5 20. g4 Rd5 21. Ne6 fxg4 22. Nc7 $16 Rf8 23. Nxd5 cxd5 24. hxg4
$2 Bxg4 $18 25. c4 $1 Bf3 26. cxd5 Rd8 27. Rad1 Bxd1 $11 28. Rxd1 Kf7 29.
Rd4 Kf6 30. Rxe4 Rxd5 31. Ra4 Rd7 32. Kg2 g5 33. Ra6+ Kf5 34. Ra5+ Kf4 35.
Ra4+ Kf5 36. Kg3 h5 37. Ra5+ Kf6 38. b3 Rd3+ 39. Kg2 Rd7 40. b4 Kg6 41. b5
h4 42. a4 Kh5 43. Ra6 Rf7 44. Rc6 Kg4 45. Rc4+ Kf5 46. a5 Rb7 47. Rc5+ Kf4
48. Rc4+ Kf5 49. Rc5+ Kf4 50. a6 Rb8 51. Rc4+ Kf5 52. Rc5+ Kf4 53. Rc7 Rxb5
54. Rxa7 Ra5 55. Ra8 Ra2 56. Kh3 Ra3+ 57. Kh2 Ra2 58. Kg2 Kg4 59. a7 h3+
60. Kg1 Ra1+ 61. Kh2 Ra2 62. Kg1 Ra1+ 63. Kh2 Ra2 64. Rf8 Rxa7 65. f3+ Kh5
66. Kxh3 Rh7 67. Kg3 Rh6 68. Rg8 Rh7 69. Kh3 Rh6 70. Rg7 Rh8 71. Rb7 Rh6
72. Kg3 Rh8 73. Rb6 Rf8 74. Ra6 Rf7 75. Ra5 Rf8 76. Kf2 Rf7 77. Ke3 Rf8 78.
Ke4 Rf4+ 79. Ke3 Rf8 80. Ra1 Re8+ 81. Kf2 Rb8 82. Kg3 Rb4 83. Rh1+ Kg6 84.
Rh8 Kg7 85. Rd8 Kg6 86. Rd5 Kf6 87. Ra5 Rc4 88. Ra6+ Kf5 89. Ra5+ Kf6 90.
Kh3 Rh4+ 91. Kg3 Rb4 92. Ra2 Rc4 93. Rg2 Rb4 94. Rg1 Rc4 95. Kf2 Rc3 96.
Rg4 $1 Rb3 97. Kg3 Rc3 98. Ra4 Rc1 99. Kf2 Rc5 100. Ke3 Re5+ 101. Kf2 Rb5
102. Kg3 Rb1 103. Ra6+ Kf5 104. Ra5+ Kf6 105. Ra4 Rg1+ 106. Kf2 Rb1 107.
Ke3 Re1+ 108. Kf2 Rb1 109. Kg2 Rc1 110. Kh3 Rh1+ 111. Kg3 $1 Rg1+ 112. Kf2
Rb1 113. Ra6+ Kf5 114. Ra8 Rb2+ 115. Kg3 Rb4 116. Rf8+ Kg6 117. Re8 Kf5
118. Rd8 Rc4 119. Rd5+ Kf6 120. Rb5 Ra4 121. Rb2 Rc4 122. Rg2 Rb4 123. Rg1
Rc4 124. Kf2 Ra4 1/2-1/2

[Event "ESP-ch Rapid 2018"]
[Site "Linares"]
[Date "2018.08.19"]
[Round "1"]
[White "Merario Alarcon, Andres"]
[Black "Malia Ramirez, Jose"]
[Result "1-0"]
[WhiteElo "2406"]
[BlackElo "1810"]
[Annotator "TA"]
[EventDate "2018.08.19"]
[PlyCount "65"]
[EventType "team-tourn"]
[EventCountry "ESP"]

1. b3 Nf6 2. Bb2 g6 3. Nf3 Bg7 4. e3 O-O 5. Be2 c5 6. c4 d6 7. O-O Nc6 8.
d4 cxd4 9. Nxd4 a6 10. Nc3 Qc7 11. Rc1 Ne5 12. h3 b6 13. f4 $16 Ned7 14.
Bf3 $146 Bb7 15. Nd5 Bxd5 16. cxd5 $18 Qb7 17. Nc6 $36 Nc5 18. b4 Nce4 19.
Kh2 Qd7 20. Qd3 Nxd5 21. Bxg7 Kxg7 22. Qxe4 Nf6 23. Qd4 Rac8 24. g4 d5 25.
Ne5 Qb5 26. g5 Ne4 27. Nd7+ f6 28. gxf6+ exf6 29. Nxf8 Rxf8 30. Bxe4 dxe4
31. Rf2 Re8 32. Rc7+ Kh6 33. Qxf6 1-0

[Event "ESP-ch Rapid 2018"]
[Site "Linares"]
[Date "2018.08.19"]
[Round "1"]
[White "Domingo Nunez, Alejandro"]
[Black "Ljubojevic, Ljubomir"]
[Result "0-1"]
[WhiteElo "2373"]
[BlackElo "2571"]
[Annotator "TA"]
[EventDate "2018.08.19"]
[PlyCount "77"]
[EventType "team-tourn"]
[EventCountry "ESP"]

1. e4 c5 2. Nf3 Nc6 3. d4 cxd4 4. c3 dxc3 5. Nxc3 d6 6. Bc4 e6 7. O-O a6 8.
Qe2 Nf6 9. Rd1 Nd7 10. Bf4 Qc7 11. Rac1 Be7 12. Nd5 $1 $16 exd5 13. exd5
Nb6 $146 14. dxc6 Nxc4 15. Qxc4 O-O 16. Qe4 bxc6 17. Qxc6 Qxc6 $11 18. Rxc6
Be6 19. b3 Rfc8 20. Nd4 Bd7 21. Rb6 Rcb8 22. Rxb8+ Rxb8 23. Rc1 Rb7 24. Nc6
Bf8 25. Na5 Rb5 26. Nc4 Rc5 27. Rd1 d5 28. Be3 Rb5 29. Nb6 Be6 30. Rc1 Rb4
31. Na4 d4 32. Bd2 Rb5 33. Rc6 Re5 $1 $17 34. h3 Re2 $19 35. Bf4 Rxa2 36.
Rb6 d3 37. Nc3 d2 38. Kf1 Rc2 39. Bxd2 $2 0-1

[Event "ESP-ch Rapid 2018"]
[Site "Linares"]
[Date "2018.08.19"]
[Round "1"]
[White "Lianes Garcia, Marcos"]
[Black "Arizmendi Martinez, Julen Luis"]
[Result "0-1"]
[WhiteElo "2340"]
[BlackElo "2507"]
[Annotator "TA"]
[EventDate "2018.08.19"]
[PlyCount "60"]
[EventType "team-tourn"]
[EventCountry "ESP"]

1. e4 e6 2. d4 d5 3. exd5 exd5 4. Bd3 c5 5. Qe2+ Be7 6. dxc5 Nf6 7. Nf3 O-O
8. O-O Bxc5 9. h3 Re8 10. Qd1 $1 Nc6 11. c3 Qc7 $17 12. Nbd2 $2 Qg3 $19 13.
Kh1 Bxf2 14. Nb3 Bxh3 $1 15. gxh3 Qxh3+ 16. Nh2 Bg3 17. Qc2 Bxh2 18. Qg2
$146 Qxg2+ 19. Kxg2 Bd6 20. Bf4 Bxf4 21. Rxf4 Re3 22. Rd1 Rae8 23. Bf1 Ne5
24. Nd4 Ng6 25. Rf2 Ng4 26. Rfd2 Nf4+ 27. Kh1 R8e5 28. Bg2 Re1+ 29. Bf1
Rxd1 30. Rxd1 Nf2+ 0-1

[Event "ESP-ch Rapid 2018"]
[Site "Linares"]
[Date "2018.08.19"]
[Round "1"]
[White "Martin Rueda, Daniel"]
[Black "Vazquez Gonzalez, Francisco"]
[Result "1-0"]
[WhiteElo "2267"]
[BlackElo "1926"]
[Annotator "NA"]
[EventDate "2018.08.19"]
[PlyCount "71"]
[EventType "team-tourn"]
[EventCountry "ESP"]

1. d4 f5 2. Bg5 Nf6 3. Bxf6 exf6 4. e3 c6 5. c4 Bb4+ 6. Nc3 Qa5 7. Ne2 d5
8. a3 Bxc3+ 9. Nxc3 dxc4 10. Bxc4 b5 11. Ba2 b4 12. axb4 Qxb4 13. O-O Ba6
14. Re1 Bc4 15. Qh5+ g6 16. Qh6 Bxa2 17. Rxa2 Qf8 18. Qf4 Qf7 19. e4 O-O
20. exf5 Re8 21. Rxe8+ Qxe8 22. Ra1 g5 23. Qd6 Kf7 24. Qc7+ Qe7 25. Qc8 Qd7
26. Qh8 Qxf5 27. Re1 Kg6 28. Qg8+ Kh6 29. Re3 g4 30. Qf8+ Kg5 31. Ne4+ Kg6
32. Qe8+ Kh6 33. Ng3 Qb1+ 34. Re1 Qg6 35. Qf8+ Qg7 36. Nf5+ 1-0

[Event "ESP-ch Rapid 2018"]
[Site "Linares"]
[Date "2018.08.19"]
[Round "1"]
[White "Gomez Sanjuan, Hector Fernando"]
[Black "Garcia Romero, Benjamin Abel"]
[Result "1-0"]
[WhiteElo "2146"]
[BlackElo "2230"]
[Annotator "NA"]
[EventDate "2018.08.19"]
[PlyCount "81"]
[EventType "team-tourn"]
[EventCountry "ESP"]

1. d4 Nf6 2. c4 e6 3. Nc3 d5 4. cxd5 exd5 5. Bg5 c6 6. Qc2 Be7 7. e3 g6 8.
Bd3 Na6 9. a3 Nc7 10. Nf3 Ne6 11. Bh4 O-O 12. O-O a5 13. Rab1 Ng7 14. b4
axb4 15. axb4 Bf5 16. Bxf6 Bxf6 17. b5 Bxd3 18. Qxd3 Ra3 19. bxc6 bxc6 20.
Ra1 Qd6 21. Rxa3 Qxa3 22. Qc2 Rb8 23. Rb1 Rxb1+ 24. Nxb1 Qa1 25. Nd2 Qa6
26. g3 Ne6 27. Nb3 Kg7 28. Kg2 h5 29. h4 Be7 30. N1d2 Qa4 31. Qc3 Bb4 32.
Qd3 Qa2 33. Nf3 Bd6 34. Qc3 Qa3 35. Qxc6 Bxg3 36. Qxd5 Bc7 37. Nc5 Nxc5 38.
dxc5 Qa7 39. c6 Kf8 40. Qd7 Qa4 41. Qxc7 1-0

[Event "ESP-ch Rapid 2018"]
[Site "Linares"]
[Date "2018.08.19"]
[Round "1"]
[White "Perdomo Araujo, Angel Eduardo"]
[Black "Ladron De Guevara Pinto, Paolo"]
[Result "0-1"]
[WhiteElo "2100"]
[BlackElo "2424"]
[Annotator "TA"]
[EventDate "2018.08.19"]
[PlyCount "84"]
[EventType "team-tourn"]
[EventCountry "ESP"]

1. e4 e5 2. Nf3 Nc6 3. Bb5 g6 4. O-O Bg7 5. c3 d6 6. h3 Bd7 7. d4 Nf6 8.
Re1 O-O 9. d5 Ne7 10. Bd3 $146 h6 11. Nbd2 Nh7 12. Nf1 f5 13. exf5 gxf5 14.
Bc2 Kh8 15. Ng3 Be8 16. Nh2 Qd7 17. Nh5 Bxh5 18. Qxh5 Nxd5 19. Bxh6 $2 Bxh6
$19 20. Qxh6 Nf4 $1 21. Kh1 Rf6 $1 22. Qh4 Qg7 23. Rg1 Rh6 24. Qg3 Qxg3 $1
$40 25. fxg3 Ne2 26. Rge1 Nxg3+ 27. Kg1 Rg8 28. Rad1 Ng5 29. Kf2 N5e4+ 30.
Kf3 $2 Nf6 31. Nf1 Rhg6 32. Ne3 Rg5 33. Rg1 e4+ 34. Kf2 f4 35. Nc4 $2 b5
36. Na5 Nf5 37. Bb3 R8g7 38. Rde1 e3+ 39. Kf3 Nh4+ 40. Kxf4 Rxg2 41. Rh1
R2g3 42. Re2 Rf3# 0-1

[Event "ESP-ch Rapid 2018"]
[Site "Linares"]
[Date "2018.08.19"]
[Round "1"]
[White "Collado Barbas, Laura"]
[Black "Anton Guijarro, David"]
[Result "0-1"]
[WhiteElo "2095"]
[BlackElo "2652"]
[Annotator "TA"]
[EventDate "2018.08.19"]
[PlyCount "68"]
[EventType "team-tourn"]
[EventCountry "ESP"]

1. d4 Nf6 2. c4 e6 3. Nc3 Bb4 4. Qc2 d6 5. e4 O-O 6. Nf3 e5 7. d5 Na6 8.
Bg5 h6 9. Bh4 Bxc3+ 10. bxc3 Nc5 $146 11. Nd2 $1 g5 12. Bg3 Nh5 13. Be2 Nf4
14. Bxf4 exf4 15. g4 Kg7 16. O-O-O Bd7 17. Rdg1 Qe7 18. f3 $1 $15 Ba4 $36
19. Qb2 Rab8 20. Nb3 Bxb3 21. axb3 Nd7 22. Kd2 Ne5 $17 23. Ra1 a6 24. b4 c6
25. Ra5 h5 $1 26. gxh5 Rh8 $19 27. dxc6 bxc6 28. Rxa6 Rxh5 29. Raa1 $2 Rbh8
30. b5 Rxh2 31. Rxh2 Rxh2 32. Qb4 Nxf3+ 33. Kd3 Ne5+ 34. Kd2 f3 0-1

[Event "ESP-ch Rapid 2018"]
[Site "Linares"]
[Date "2018.08.19"]
[Round "1"]
[White "Bento Iglesias, Pablo"]
[Black "Santos Ruiz, Miguel"]
[Result "1-0"]
[WhiteElo "2007"]
[BlackElo "2517"]
[Annotator "TA"]
[EventDate "2018.08.19"]
[PlyCount "135"]
[EventType "team-tourn"]
[EventCountry "ESP"]

1. e4 c5 2. c3 Nf6 3. e5 Nd5 4. d4 cxd4 5. Nf3 d6 6. cxd4 Nc6 7. Bc4 Nb6 8.
Bxf7+ Kxf7 9. e6+ Kxe6 10. Ng5+ Kd7 11. Nf7 Qe8 12. Nxh8 g6 $146 13. d5 $14
Nb4 $2 14. Qg4+ $18 Kc7 15. Qxb4 Bg7 16. Nc3 Qxh8 17. Nb5+ Kb8 18. Nxd6 $1
Nxd5 19. Qb3 e6 20. O-O a5 21. Nxc8 Qxc8 22. Bg5 Ra6 23. Rac1 Qd7 24. Qg3+
Ka8 25. Rfd1 Bxb2 26. Rc2 Bg7 27. Be3 Rc6 28. Rxc6 Qxc6 29. Qh4 Be5 30.
Qd8+ Bb8 31. Qxa5+ Qa6 32. Qxa6+ bxa6 33. Rc1 Kb7 34. Bd4 Bd6 35. Re1 Nc7
36. Be5 Kc6 37. Rc1+ Kd7 38. Bxd6 Kxd6 39. f3 Nb5 40. Rc8 Kd5 41. Rh8 Nc3
42. Ra8 Nxa2 43. Rxa6 Nc3 44. Ra7 h5 45. g3 Ke5 46. Kf2 Kf6 47. Ra6 Nd5 $2
48. f4 Nb4 49. Rd6 Ke7 50. Rd4 Nd5 51. Kf3 Kf6 52. Ra4 Nb6 53. Ra6 Nd5 54.
h3 Nb4 55. Rd6 Ke7 56. Rd1 Nc6 57. Ke4 Kf6 58. g4 hxg4 59. hxg4 g5 60. Rd6
Ne7 61. f5 Ng8 62. Rxe6+ Kf7 63. Rg6 Nf6+ 64. Rxf6+ $1 Kxf6 65. Kd5 Kf7 66.
Ke5 Ke7 67. f6+ Kf7 68. Kf5 1-0

[Event "ESP-ch Rapid 2018"]
[Site "Linares"]
[Date "2018.08.19"]
[Round "1"]
[White "Blazquez Gomez, Miguel"]
[Black "Perez Candelario, Manuel"]
[Result "1/2-1/2"]
[WhiteElo "1998"]
[BlackElo "2611"]
[Annotator "TA"]
[EventDate "2018.08.19"]
[PlyCount "188"]
[EventType "team-tourn"]
[EventCountry "ESP"]

1. b3 e5 2. Bb2 Nc6 3. e3 Nf6 4. Bb5 Bd6 5. Na3 Na5 6. Nf3 a6 7. Be2 Qe7 8.
Nc4 Nxc4 9. bxc4 b6 10. O-O Bb7 $146 11. d4 exd4 12. exd4 O-O 13. Ne5 Ba3
14. Bxa3 Qxa3 15. Qd3 Qxd3 16. cxd3 Rfe8 17. Bf3 Bxf3 18. Nxf3 Re2 19. Rfe1
Rb2 20. Reb1 $11 Rc2 21. Rc1 Rxc1+ 22. Rxc1 Kf8 23. Kf1 d6 24. a4 a5 25. d5
Nd7 26. d4 Nf6 27. Nd2 Rc8 28. f3 Rd8 29. Ke2 Ng8 30. Kd3 Ne7 31. Ne4 h6
32. Nc3 Ke8 33. g4 Kd7 34. Ne4 Rf8 35. Ng3 f5 36. gxf5 Nxf5 37. f4 Nh4 38.
Rf1 g6 39. Ke4 Nf5 40. Nxf5 gxf5+ 41. Kf3 Rg8 42. Rc1 Re8 43. Rg1 Re4 $1
44. Rd1 Ke7 45. Rd2 Kf7 46. Rd1 Kf6 47. Rd2 Kg7 48. Rg2+ Kf7 $1 $17 49. Rd2
Re1 50. c5 $1 bxc5 51. dxc5 Ra1 52. cxd6 cxd6 53. Rd4 Ra3+ 54. Kf2 Kg6 55.
Rc4 Kh5 56. Rc6 $11 Kg4 57. Rxd6 h5 58. Ra6 Rxa4 59. d6 Kxf4 60. d7 Rd4 61.
Rxa5 Rd2+ 62. Kg1 Rxd7 63. Ra4+ Ke3 64. Kg2 f4 65. Ra3+ Ke4 66. Ra4+ Rd4
67. Ra5 Rd2+ $17 68. Kg1 h4 69. Ra4+ Ke3 70. Ra3+ $1 $11 Rd3 71. Ra1 h3 $17
72. Re1+ Kf3 73. Rf1+ Ke2 74. Rf2+ Ke3 75. Rf1 Rd2 76. Re1+ Re2 77. Ra1
Rg2+ 78. Kh1 Rd2 79. Kg1 f3 80. Ra3+ $19 Ke2 81. Ra1 Rd3 $2 82. Ra2+ $11
Ke3 83. Ra1 f2+ 84. Kf1 Kf3 85. Rb1 Re3 86. Ra1 Rb3 87. Rc1 Ke3 88. Ra1 $1
Kf3 89. Rc1 Kg4 90. Kxf2 Rb2+ 91. Kg1 Rg2+ 92. Kh1 Rf2 93. Kg1 Re2 94. Rc4+
Kg5 1/2-1/2

[Event "ESP-ch Rapid 2018"]
[Site "Linares"]
[Date "2018.08.19"]
[Round "1"]
[White "Ruiz Casado, Francisco Javier"]
[Black "Ibarra Jerez, Jose Carlos"]
[Result "0-1"]
[WhiteElo "1975"]
[BlackElo "2570"]
[Annotator "TA"]
[EventDate "2018.08.19"]
[PlyCount "76"]
[EventType "team-tourn"]
[EventCountry "ESP"]

1. d4 Nf6 2. c4 d6 3. Nf3 g6 4. e3 Bg7 5. Be2 O-O 6. O-O Nbd7 7. Nc3 e5 8.
b4 a5 9. b5 b6 10. a4 Bb7 11. Ba3 Re8 12. Rc1 Bf8 13. Nd2 $146 h5 14. Nb3
h4 15. h3 Nh7 16. Nd5 Bxd5 17. cxd5 e4 18. Rc6 Nhf6 19. Qc2 Nxd5 $11 20.
Nd2 N7f6 21. Rc1 Ra7 22. Bc4 Qe7 23. Qb3 Nb4 24. Bxb4 axb4 25. Qxb4 Qd8 26.
Bb3 d5 27. Qc3 Bd6 28. Nb1 Qd7 29. Qc2 g5 30. Nc3 $16 Qf5 31. Qa2 $2 Rea8
$2 32. Qe2 Kh8 33. Na2 $2 Re8 34. R6c2 g4 35. hxg4 Nxg4 $40 36. Bxd5 $1 Rg8
37. Nc3 Nf6 38. Bxf7 $2 Qh3 $1 0-1

[Event "ESP-ch Rapid 2018"]
[Site "Linares"]
[Date "2018.08.19"]
[Round "2"]
[White "Anton Guijarro, David"]
[Black "Silva Rodriguez, Fernando"]
[Result "1-0"]
[WhiteElo "2652"]
[BlackElo "2239"]
[Annotator "TA"]
[EventDate "2018.08.19"]
[PlyCount "59"]
[EventType "team-tourn"]
[EventCountry "ESP"]

1. Nf3 d5 2. b3 c5 3. e3 Nc6 4. Bb2 Bg4 5. h3 Bh5 6. Bb5 e6 7. Bxc6+ bxc6
8. d3 Nf6 9. g4 Bg6 10. Ne5 Bd6 11. Nd2 Qc7 12. f4 d4 13. Ndc4 Nd5 14. Qf3
$146 f6 15. Nxd6+ Qxd6 16. Nc4 Qc7 17. O-O-O dxe3 18. Rdf1 Bf7 19. g5 O-O-O
20. gxf6 gxf6 21. Nxe3 Qe7 22. Re1 Rhf8 23. Nc4 Qc7 24. Rhf1 Rde8 25. Qf2
$18 Kd7 26. Qxc5 Bg6 27. Ba3 Nb6 $2 28. Nxb6+ axb6 $2 29. Qd4+ Kc8 30. Bxf8
1-0

[Event "ESP-ch Rapid 2018"]
[Site "Linares"]
[Date "2018.08.19"]
[Round "2"]
[White "Perez Candelario, Manuel"]
[Black "Arroyo Rodriguez, Jesus"]
[Result "1-0"]
[WhiteElo "2611"]
[BlackElo "2099"]
[Annotator "TA"]
[EventDate "2018.08.19"]
[PlyCount "61"]
[EventType "team-tourn"]
[EventCountry "ESP"]

1. e4 c5 2. Ne2 g6 3. d4 cxd4 4. Nxd4 Bg7 5. c4 Nc6 6. Nc2 Nf6 7. Nc3 d6 8.
Be2 Be6 9. O-O O-O 10. Bd2 Rc8 11. Rc1 Nd7 12. b3 f5 13. exf5 Bxf5 14. Ne3
Nd4 $146 15. Nxf5 Nxe2+ 16. Qxe2 Rxf5 17. Nd5 Ne5 18. f4 Nc6 19. Rce1 $36
Rf7 20. Qg4 Qf8 21. g3 Bd4+ 22. Kg2 $16 e5 23. Be3 $2 Re8 24. Bxd4 $18 Nxd4
$2 25. fxe5 $1 dxe5 26. Rxf7 $1 Qxf7 27. Qxd4 $1 exd4 28. Rxe8+ Qxe8 29.
Nf6+ Kf7 30. Nxe8 Kxe8 31. Kf3 1-0

[Event "ESP-ch Rapid 2018"]
[Site "Linares"]
[Date "2018.08.19"]
[Round "2"]
[White "Ljubojevic, Ljubomir"]
[Black "Iglesias Leon, Francisco J"]
[Result "1-0"]
[WhiteElo "2571"]
[BlackElo "2129"]
[Annotator "TA"]
[EventDate "2018.08.19"]
[PlyCount "65"]
[EventType "team-tourn"]
[EventCountry "ESP"]

1. d4 Nf6 2. c4 c5 3. d5 b5 4. cxb5 a6 5. bxa6 g6 6. Nc3 Bxa6 7. Nf3 Bg7 8.
g3 d6 9. Bg2 O-O 10. O-O Nfd7 11. Qc2 Nb6 12. Rd1 Nc4 13. b3 $2 Qa5 $17 14.
Ne4 $146 Bxa1 15. bxc4 Bg7 16. Bg5 Re8 17. Rb1 Nd7 18. Bd2 Qc7 19. Rb3 Reb8
20. h4 h5 $2 21. Neg5 Ne5 $2 22. Nxe5 $18 Bxe5 $2 23. Bh3 $4 Bc8 $19 24.
Be6 Bxe6 25. dxe6 f5 26. e4 Rxb3 27. axb3 Qb7 $2 28. exf5 $17 Ra1+ 29. Bc1
gxf5 $2 30. Kh2 $40 Bf6 $2 31. Qxf5 Bxg5 32. Qf7+ Kh8 33. Bb2+ 1-0

[Event "ESP-ch Rapid 2018"]
[Site "Linares"]
[Date "2018.08.19"]
[Round "2"]
[White "Ibarra Jerez, Jose Carlos"]
[Black "Jimenez Martinez, Jose Vicente"]
[Result "1-0"]
[WhiteElo "2570"]
[BlackElo "2243"]
[Annotator "TA"]
[EventDate "2018.08.19"]
[PlyCount "31"]
[EventType "team-tourn"]
[EventCountry "ESP"]

1. Nf3 g6 2. g3 Bg7 3. d4 d6 4. b3 Nf6 5. Bb2 O-O 6. Bg2 Nc6 7. O-O e5 8.
dxe5 Ng4 9. Nc3 Ngxe5 10. Nxe5 Bxe5 11. Qd2 Bd7 12. Rad1 $146 h5 13. Qc1
Qc8 14. Nd5 Bh3 $2 15. Bxe5 $18 dxe5 16. Qh6 1-0

[Event "ESP-ch Rapid 2018"]
[Site "Linares"]
[Date "2018.08.19"]
[Round "2"]
[White "Santos Ruiz, Miguel"]
[Black "Vazquez Gonzalez, Francisco"]
[Result "1-0"]
[WhiteElo "2517"]
[BlackElo "1926"]
[Annotator "TA"]
[EventDate "2018.08.19"]
[PlyCount "71"]
[EventType "team-tourn"]
[EventCountry "ESP"]

1. c4 f5 2. g3 Nf6 3. d4 d6 4. Nf3 g6 5. Bg2 Bg7 6. O-O O-O 7. Nc3 c6 8. b3
Na6 9. Bb2 Nc7 10. Re1 Qe8 11. e4 fxe4 12. Nxe4 Nxe4 13. Rxe4 Bf5 14. Re1
Qf7 15. Qd2 Bf6 $146 16. h4 Qg7 17. Rac1 Rae8 18. Ba1 Ne6 19. d5 Nc5 20.
dxc6 $1 $18 bxc6 21. Nd4 $1 Bd7 22. Nxc6 Bxc6 23. Bxc6 Rc8 24. Bd5+ Kh8 25.
Qe3 e5 26. b4 Na6 27. a3 Qd7 28. Red1 Bg7 29. Bg2 Qe7 30. Qd3 Qf6 31. Qxd6
Qxf2+ 32. Kh2 Nb8 33. Rf1 Qe3 34. Rce1 Qh6 35. Rxf8+ Rxf8 36. Bxe5 1-0